5HLuxD.jpg

KING HENRY VIII SENIOR AND PRIMARY SCHOOL LIBRARY OPAC

French stories = (Record no. 106)

000 -LEADER
fixed length control field 01465cam a2200349 a 4500
001 - CONTROL NUMBER
control field 2470739
003 - CONTROL NUMBER IDENTIFIER
control field OSt
005 - DATE AND TIME OF LATEST TRANSACTION
control field 20190726093352.0
008 - FIXED-LENGTH DATA ELEMENTS--GENERAL INFORMATION
fixed length control field 900501r19901960nyu 000 1 eng
010 ## - LIBRARY OF CONGRESS CONTROL NUMBER
LC control number 90037701
020 ## - INTERNATIONAL STANDARD BOOK NUMBER
International Standard Book Number 0486264432
020 ## - INTERNATIONAL STANDARD BOOK NUMBER
International Standard Book Number 9780486264431
040 ## - CATALOGING SOURCE
Original cataloging agency DLC
Transcribing agency DLC
Modifying agency DLC
041 0# - LANGUAGE CODE
Language code of text/sound track or separate title engfre
082 00 - DEWEY DECIMAL CLASSIFICATION NUMBER
Classification number FIC FRE
Edition number 20
245 00 - TITLE STATEMENT
Title French stories =
Remainder of title Contes français : with translations, critical introductions, notes, and vocabulary by the editor /
Statement of responsibility, etc. edited by Wallace Fowlie.
250 ## - EDITION STATEMENT
Edition statement Dover ed.
260 ## - PUBLICATION, DISTRIBUTION, ETC.
Place of publication, distribution, etc. New York :
Name of publisher, distributor, etc. Dover Publications,
Date of publication, distribution, etc. 1990.
300 ## - PHYSICAL DESCRIPTION
Extent ix, 330 p. ;
Dimensions 22 cm.
500 ## - GENERAL NOTE
General note Reprint with revision. Originally published: New York : Bantam Books, 1960. (A Bantam dual-language book ; s1993)
650 #0 - SUBJECT ADDED ENTRY--TOPICAL TERM
Topical term or geographic name entry element French language
Form subdivision Readers.
650 #0 - SUBJECT ADDED ENTRY--TOPICAL TERM
Topical term or geographic name entry element Short stories, French
Form subdivision Translations into English.
650 #0 - SUBJECT ADDED ENTRY--TOPICAL TERM
Topical term or geographic name entry element Short stories, French.
651 #0 - SUBJECT ADDED ENTRY--GEOGRAPHIC NAME
Geographic name France
General subdivision Social life and customs
Form subdivision Fiction.
700 1# - ADDED ENTRY--PERSONAL NAME
Personal name Fowlie, Wallace,
Dates associated with a name 1908-1998.
740 0# - ADDED ENTRY--UNCONTROLLED RELATED/ANALYTICAL TITLE
Uncontrolled related/analytical title Contes français.
856 42 - ELECTRONIC LOCATION AND ACCESS
Materials specified Publisher description
Uniform Resource Identifier <a href="http://www.loc.gov/catdir/description/dover032/90037701.html">http://www.loc.gov/catdir/description/dover032/90037701.html</a>
856 41 - ELECTRONIC LOCATION AND ACCESS
Materials specified Table of contents only
Uniform Resource Identifier <a href="http://www.loc.gov/catdir/enhancements/fy1318/90037701-t.html">http://www.loc.gov/catdir/enhancements/fy1318/90037701-t.html</a>
906 ## - LOCAL DATA ELEMENT F, LDF (RLIN)
a 7
b cbc
c orignew
d 1
e ocip
f 19
g y-gencatlg
942 ## - ADDED ENTRY ELEMENTS (KOHA)
Source of classification or shelving scheme
Koha item type Books - Fiction
Holdings
Withdrawn status Lost status Source of classification or shelving scheme Damaged status Not for loan Collection code Permanent Location Current Location Shelving location Date acquired Full call number Barcode Date last seen Price effective from Koha item type
          Fiction KH8 Senior School Library KH8 Senior School Library Fiction 2019-07-26 FIC FRE 3KHSL000101049 2024-07-16 2019-07-26 Books - Fiction
          Teaching Resources KH8 Senior School Library KH8 Senior School Library Staff Office 2023-10-19 448.642 FRE TRKHSL004105 2023-10-19 2023-10-19 Teaching Resources

Powered By KH8 IT Dept